Riconosci il Pokémon - Quiz n°192 - Statistics

Statistiche generali
  • Questo quiz è stato fatto 1 volte
  • Il punteggio medio è 4 su 10
Statistiche sulle risposte
Indizio Risposta % Corretto
Generazione Ottava
100%
Abilità Pressione; Agitazione; Blindospecchio
100%
Stadio evoluzione Seconda evoluzione
100%
Tipo Volante / Acciaio
100%
Altezza 2,2 m; > 14,0 m (Gigamax)
0%
Tasso di cattura 45 (11.9%)
0%
Sesso 50% ♂, 50% ♀
0%
Peso 75,0 kg; ???,? kg (Gigamax)
0%
Pokémon Corviknight
0%
Tasso di allevamento Medio-Lento
0%
Nessun quiz corrispondente trovato
Distribuzione punteggi
Percentuale di utenti per punteggio
Percentile per numero di risposta
I tuoi punteggi nel tempo
Non hai fatto questo quiz